[Event "GER-chT U16"]
[Site "Bingen"]
[Date "2008.12.29"]
[Round "6.4"]
[White "Wilhelm, Kevin"]
[Black "Schell, Samuel"]
[Result "1/2-1/2"]
[WhiteElo "1303"]
[BlackElo "1301"]
[PlyCount "96"]
[EventDate "2008.12.27"]
[EventType "team-swiss"]
[EventRounds "7"]
[EventCountry "GER"]
[SourceTitle "EXT 2010"]
[Source "ChessBase"]
[SourceDate "2010.11.25"]
[SourceVersion "1"]
[SourceVersionDate "2010.11.25"]
[SourceQuality "1"]
[WhiteTeam "Heusweiler SC Reti U16"]
[BlackTeam "Porz SG U16"]
[WhiteTeamCountry "GER"]
[BlackTeamCountry "GER"]

1. e4 g6 2. Nf3 Bg7 3. d4 d6 4. c3 Bg4 5. h3 Bxf3 6. Qxf3 e5 7. Bc4 Qe7 8. Be3 Nf6 9. Nd2 0-0 10. 0-0 Nbd7 11. Bb3 Kh8 12. Qe2 Nh5 13. Kh1 f5 14. exf5 Rxf5 15. g4 Nf4 16. Qf3 Rff8 17. Bxf4 Rab8 18. dxe5 dxe5 19. Rae1 Qf6 20. Qd5 Qxf4 21. Qxd7 Rfd8 22. Qxc7 Qxd2 23. Rd1 Qg5 24. Rxd8+ Qxd8 25. Qxd8+ Rxd8 26. Rd1 Rxd1+ 27. Bxd1 Kg8 28. Kg2 Kf7 29. Kf3 Ke6 30. Bc2 Bh6 31. h4 Bc1 32. b3 b6 33. h5 gxh5 34. gxh5 h6 35. Ke4 Bf4 36. f3 Kd6 37. Kd3 Kd5 38. b4 Bh2 39. a4 Bg3 40. Bb3+ Kd6 41. Kd2 Bf4+ 42. Kd3 Bg3 43. Ke2 Bf4 44. c4 Bc1 45. Kd3 Bf4 46. Ke4 Bg3 47. a5 Bf4 48. Ba4 Bg3 1/2-1/2

[Event "Saarland-ch B"]
[Site "Eppelborn"]
[Date "2008.03.26"]
[Round "2"]
[White "Conrad, Egon"]
[Black "Wilhelm, Kevin"]
[Result "1-0"]
[WhiteElo "1662"]
[BlackElo "1277"]
[PlyCount "95"]
[EventDate "2008.03.14"]
[EventType "swiss"]
[EventRounds "7"]
[EventCountry "GER"]
[SourceTitle "EXT 2010"]
[Source "ChessBase"]
[SourceDate "2010.11.25"]
[SourceVersion "1"]
[SourceVersionDate "2010.11.25"]
[SourceQuality "1"]

1. d4 d5 2. Nf3 Bf5 3. Bf4 Nc6 4. a3 e6 5. e3 Bd6 6. Bxd6 cxd6 7. Qd2 Rc8 8. Bd3 Qf6 9. Bxf5 Qxf5 10. 0-0 Nge7 11. Rc1 e5 12. dxe5 dxe5 13. Nc3 e4 14. Ne1 Qg5 15. Ne2 Rd8 16. c3 0-0 17. Rd1 f5 18. Nf4 Rf6 19. Nh3 Qg4 20. f3 exf3 21. Nxf3 Ng6 22. Nf2 Qh5 23. Nd3 Qg4 24. Nf4 Nxf4 25. exf4 Rg6 26. Kh1 d4 27. Ne5 Nxe5 28. fxe5 Kf7 29. Qf2 d3 30. Rd2 Re6 31. Re1 Rd5 32. h3 Qg5 33. Re3 Rdxe5 34. Rxe5 Rxe5 35. Rxd3 Qe7 36. Rd2 Re1+ 37. Kh2 Qe5+ 38. g3 Qe4 39. Qg2 Qe3 40. Qxb7+ Kg6 41. Qc6+ Kg5 42. Qg2 Kh5 43. Rf2 g5 44. h4 Kg4 45. Qh3+ Kh5 46. hxg5+ Kxg5 47. Qxf5+ Kh6 48. Qf6+ 1-0

[Event "Saarland-ch B"]
[Site "Eppelborn"]
[Date "2008.03.26"]
[Round "5"]
[White "Wilhelm, Kevin"]
[Black "Luy, Markus"]
[Result "1-0"]
[WhiteElo "1277"]
[BlackElo "1544"]
[PlyCount "83"]
[EventDate "2008.03.14"]
[EventType "swiss"]
[EventRounds "7"]
[EventCountry "GER"]
[SourceTitle "EXT 2010"]
[Source "ChessBase"]
[SourceDate "2010.11.25"]
[SourceVersion "1"]
[SourceVersionDate "2010.11.25"]
[SourceQuality "1"]

1. e4 c5 2. Bc4 d6 3. Nf3 Nc6 4. d3 Nf6 5. Bg5 e6 6. d4 cxd4 7. Nxd4 Be7 8. Nxc6 bxc6 9. 0-0 Nxe4 10. Bxe7 Qxe7 11. Qg4 0-0 12. Qxe4 d5 13. Qf3 dxc4 14. Qxc6 Bb7 15. Qxc4 Rac8 16. Qa4 Qc5 17. Nc3 a6 18. Rfd1 Rfd8 19. Qh4 Qb6 20. Qe7 Re8 21. Qa3 Qc6 22. f3 Qc7 23. Rd3 Rcd8 24. Rad1 Rxd3 25. Rxd3 Rd8 26. Rxd8+ Qxd8 27. h3 Qd4+ 28. Kh1 Qd2 29. Ne4 Bxe4 30. fxe4 Qc1+ 31. Kh2 Qf4+ 32. Qg3 g5 33. Qxf4 gxf4 34. g3 fxg3+ 35. Kxg3 Kg7 36. e5 f6 37. exf6+ Kxf6 38. Kf4 h5 39. h4 e5+ 40. Ke4 Ke6 41. c4 Kd6 42. b4 1-0

[Event "GER-chT U16"]
[Site "Uelzen"]
[Date "2007.12.30"]
[Round "7.3"]
[White "Wilhelm, Kevin"]
[Black "Balssuweit, Michael"]
[Result "1-0"]
[WhiteElo "1187"]
[BlackElo "1473"]
[PlyCount "37"]
[EventDate "2007.12.27"]
[EventType "team-swiss"]
[EventRounds "7"]
[EventCountry "GER"]
[SourceTitle "EXT 2022"]
[Source "ChessBase"]
[SourceDate "2021.10.06"]
[SourceVersion "1"]
[SourceVersionDate "2021.10.06"]
[SourceQuality "1"]
[WhiteTeam "Heusweiler SC Reti U16"]
[BlackTeam "Erfurt Empor U16"]
[WhiteTeamCountry "GER"]
[BlackTeamCountry "GER"]

1. e4 e6 2. Nf3 d5 3. exd5 exd5 4. d4 Bd6 5. c4 Ne7 6. c5 Bf5 7. cxd6 Qxd6 8. Nc3 0-0 9. Be2 c6 10. 0-0 Nd7 11. h3 Ng6 12. Bd3 Be6 13. Ng5 f5 14. Nxe6 Qxe6 15. Re1 Qf6 16. Qf3 Nh4 17. Qh5 f4 18. Bxh7+ Kh8 19. Bg6+ 1-0

[Event "GER-chT U16"]
[Site "Uelzen"]
[Date "2007.12.28"]
[Round "4.3"]
[White "Wilhelm, Kevin"]
[Black "Paris, Grigori"]
[Result "0-1"]
[WhiteElo "1187"]
[BlackElo "1442"]
[PlyCount "106"]
[EventDate "2007.12.27"]
[EventType "team-swiss"]
[EventRounds "7"]
[EventCountry "GER"]
[SourceTitle "EXT 2022"]
[Source "ChessBase"]
[SourceDate "2021.10.06"]
[SourceVersion "1"]
[SourceVersionDate "2021.10.06"]
[SourceQuality "1"]
[WhiteTeam "Heusweiler SC Reti U16"]
[BlackTeam "Berlin TuS Makkabi U16"]
[WhiteTeamCountry "GER"]
[BlackTeamCountry "GER"]

1. e4 c5 2. Nf3 d6 3. c3 Nc6 4. Bb5 Bd7 5. 0-0 Ne5 6. Bxd7+ Nxd7 7. Ng5 h6 8. Nf3 g6 9. d4 Bg7 10. Be3 Ngf6 11. Qb3 b6 12. Nfd2 0-0 13. h3 Rc8 14. e5 dxe5 15. dxe5 Nxe5 16. Rd1 Qc7 17. Bf4 Nf3+ 18. Nxf3 Qxf4 19. a4 Qc7 20. Na3 c4 21. Qb4 Qc5 22. Qb5 Ne4 23. Qxc5 Nxc5 24. Nxc4 Nb3 25. Ra3 Rxc4 26. Rxb3 Rxa4 27. Rd7 e6 28. Nd4 Bxd4 29. cxd4 Rc8 30. Rf3 f5 31. Rd6 Kf7 32. Re3 Re8 33. Kh2 Rb4 34. b3 g5 35. Rd7+ Re7 36. Rd6 f4 37. Rf3 Kf6 38. d5 Ke5 39. Rxe6+ Rxe6 40. dxe6 Kxe6 41. Kg1 Ke5 42. Kf1 Ke4 43. Ke2 a5 44. Rc3 b5 45. Kd2 a4 46. bxa4 Rxa4 47. Rc6 b4 48. Rxh6 Ra2+ 49. Ke1 b3 50. Rb6 Rb2 51. Rd6 Rc2 52. Kd1 Rxf2 53. Rc6 b2 0-1

[Event "GER-chT U12"]
[Site "Verden"]
[Date "2005.12.28"]
[Round "3.1"]
[White "Kusmierek, Kasper Jan"]
[Black "Wilhelm, Kevin"]
[Result "1-0"]
[WhiteElo "1470"]
[BlackElo "1222"]
[PlyCount "93"]
[EventDate "2005.12.27"]
[EventType "team-swiss"]
[EventRounds "7"]
[EventCountry "GER"]
[SourceTitle "CBM 110 Extra"]
[Source "ChessBase"]
[SourceDate "2006.03.10"]
[SourceVersion "2"]
[SourceVersionDate "2006.03.10"]
[SourceQuality "1"]

1. e4 e5 2. Nc3 Nf6 3. Bc4 Bc5 4. d3 d6 5. Nf3 h6 6. h3 Nc6 7. 0-0 Be6 8. Bb3 0-0 9. Ne2 Qd7 10. Kh2 d5 11. exd5 Bxd5 12. Ng3 Rad8 13. Ba4 Rfe8 14. a3 Bd6 15. Kh1 e4 16. Nxe4 Bxe4 17. dxe4 Nxe4 18. Be3 Bg3 19. Qxd7 Rxd7 20. Bxc6 bxc6 21. Bxa7 c5 22. Bxc5 Nxc5 23. fxg3 Ne4 24. Kh2 Nd2 25. Nxd2 Rxd2 26. a4 Rxc2 27. b4 Ree2 28. Rg1 Ra2 29. Rxa2 Rxa2 30. a5 Rb2 31. Rc1 Rxb4 32. Rxc7 Ra4 33. Rc8+ Kh7 34. Ra8 Kg6 35. a6 Kf6 36. a7 Kg6 37. g4 Ra3 38. h4 h5 39. gxh5+ Kf6 40. g4 Ra4 41. g5+ Kf5 42. h6 Kg6 43. hxg7 Kxg7 44. h5 Ra5 45. h6+ Kh7 46. Kh3 Ra4 47. Kg3 1-0

[Event "GER-chT U12"]
[Site "Verden"]
[Date "2005.12.28"]
[Round "4.1"]
[White "Wilhelm, Kevin"]
[Black "Dietrich, Stefan"]
[Result "0-1"]
[WhiteElo "1222"]
[BlackElo "1246"]
[PlyCount "101"]
[EventDate "2005.12.27"]
[EventType "team-swiss"]
[EventRounds "7"]
[EventCountry "GER"]
[SourceTitle "CBM 110 Extra"]
[Source "ChessBase"]
[SourceDate "2006.03.10"]
[SourceVersion "2"]
[SourceVersionDate "2006.03.10"]
[SourceQuality "1"]

1. e4 c5 2. Bc4 d6 3. d3 g6 4. Be3 Bg7 5. Nc3 Nf6 6. Nf3 Nc6 7. Qd2 0-0 8. 0-0-0 e6 9. Bh6 a6 10. Bg5 Re8 11. h4 b5 12. Bb3 Qb6 13. Bxf6 Bxf6 14. h5 a5 15. a3 b4 16. Na4 Qb5 17. hxg6 fxg6 18. Qh6 Ra7 19. Rh3 Nd4 20. Nxd4 cxd4 21. Rdh1 Bg5+ 22. Qxg5 Qxg5+ 23. Kb1 bxa3 24. bxa3 Rb7 25. Ka2 Qxg2 26. R1h2 Qg5 27. Rh1 Rf8 28. R3h2 h5 29. Nb2 Qb5 30. a4 Qb6 31. Rg2 Rg7 32. Nc4 Qc7 33. Na3 Qc6 34. Nb5 Qc5 35. Rh3 d5 36. exd5 exd5 37. Rh4 Bg4 38. Rhh2 Rgf7 39. Kb2 Rf3 40. Rh1 Rxf2 41. Rgg1 Kg7 42. Re1 Re2 43. Rxe2 Bxe2 44. Re1 Bg4 45. Re5 Rf5 46. Re6 Rf6 47. Re5 Be6 48. Re1 Qb4 49. Re2 h4 50. Nc7 Qc3+ 51. Ka2 0-1

[Event "GER-chT U12"]
[Site "Verden"]
[Date "2005.12.27"]
[Round "1.1"]
[White "Petkidis, Anthony"]
[Black "Wilhelm, Kevin"]
[Result "1-0"]
[WhiteElo "1615"]
[BlackElo "1222"]
[PlyCount "75"]
[EventDate "2005.12.27"]
[EventType "team-swiss"]
[EventRounds "7"]
[EventCountry "GER"]
[SourceTitle "CBM 110 Extra"]
[Source "ChessBase"]
[SourceDate "2006.03.10"]
[SourceVersion "2"]
[SourceVersionDate "2006.03.10"]
[SourceQuality "1"]

1. d4 d5 2. Nf3 Nc6 3. e3 Bf5 4. c4 dxc4 5. Bxc4 e6 6. 0-0 Nf6 7. Nc3 Bb4 8. a3 Bxc3 9. bxc3 Ne4 10. Bb2 0-0 11. Nd2 Bg4 12. f3 Nxd2 13. Qxd2 Bf5 14. e4 Bg6 15. Qe2 Qe7 16. a4 f5 17. Ba3 Qg5 18. Bxf8 Rxf8 19. exf5 Bxf5 20. Bxe6+ Bxe6 21. Qxe6+ Kh8 22. Rfe1 h6 23. Qe3 Qa5 24. c4 Nb4 25. Qd2 c5 26. d5 Qa6 27. d6 Qxc4 28. d7 Nd3 29. Re3 Qd4 30. Qxd3 Qxa1+ 31. Kf2 Qb2+ 32. Re2 Qb6 33. Re8 c4+ 34. Qe3 Qb2+ 35. Kg3 Qf6 36. Rxf8+ Qxf8 37. Qe8 Qxe8 38. dxe8Q+ 1-0

[Event "Saarland-ch C"]
[Site "Saarlouis Steinrausch"]
[Date "2005.03.26"]
[Round "9"]
[White "Nolte, Tim"]
[Black "Wilhelm, Kevin"]
[Result "1/2-1/2"]
[WhiteElo "1078"]
[BlackElo "1065"]
[PlyCount "45"]
[EventDate "2005.03.18"]
[EventType "swiss"]
[EventRounds "9"]
[EventCountry "GER"]
[SourceTitle "EXT 2012"]
[Source "ChessBase"]
[SourceDate "2011.11.24"]
[SourceVersion "1"]
[SourceVersionDate "2011.11.24"]
[SourceQuality "1"]

1. e4 e5 2. Nf3 Nc6 3. Nc3 Nf6 4. Bc4 Bc5 5. d3 d6 6. h3 h6 7. Be3 Bb6 8. Nd5 Nxd5 9. Bxd5 Be6 10. Bxe6 fxe6 11. 0-0 0-0 12. d4 exd4 13. Nxd4 Nxd4 14. Bxd4 Bxd4 15. Qxd4 e5 16. Qd5+ Kh8 17. Qxb7 c5 18. Qd5 Rb8 19. b3 Qf6 20. Rad1 Rbd8 21. Rd3 Qg6 22. Rg3 Qf6 23. Rf3 1/2-1/2

[Event "Saarland-ch C"]
[Site "Saarlouis Steinrausch"]
[Date "2005.03.22"]
[Round "5"]
[White "Wilhelm, Kevin"]
[Black "Bastian, Simon"]
[Result "1-0"]
[WhiteElo "1065"]
[BlackElo "1099"]
[PlyCount "111"]
[EventDate "2005.03.18"]
[EventType "swiss"]
[EventRounds "9"]
[EventCountry "GER"]
[SourceTitle "EXT 2012"]
[Source "ChessBase"]
[SourceDate "2011.11.24"]
[SourceVersion "1"]
[SourceVersionDate "2011.11.24"]
[SourceQuality "1"]

1. e4 e5 2. Nf3 Nc6 3. Bc4 Nf6 4. d3 Bc5 5. Nc3 d6 6. Bg5 h6 7. Bh4 a6 8. Nd5 b5 9. Nxf6+ gxf6 10. Bd5 Bb7 11. Nd2 Qe7 12. Nb3 Bb6 13. Qf3 Rg8 14. Bxf6 Qd7 15. Bh4 Rf8 16. Rg1 Na5 17. Bxb7 Nxb7 18. g4 f6 19. Qf5 Qxf5 20. gxf5 0-0-0 21. Rg6 Rd7 22. Rxh6 Rdf7 23. 0-0-0 Nd8 24. Rh1 Nc6 25. Bg3 Nd4 26. Nxd4 Bxd4 27. h4 a5 28. h5 Rg8 29. Rg6 Rgg7 30. h6 Rh7 31. Bh4 b4 32. Bxf6 Bxf2 33. Rh2 Be3+ 34. Kd1 Bf4 35. Rh4 Bg3 36. Rhg4 Bf4 37. Rh4 Bg3 38. Rh3 Bf4 39. Rh1 Rd7 40. Bg5 Bxg5 41. Rxg5 d5 42. exd5 Rxd5 43. f6 Rd6 44. Rg7 Rh8 45. f7 Kb7 46. Rg8 Rd8 47. Rxd8 Rxd8 48. h7 Rd7 49. f8Q e4 50. h8Q exd3 51. cxd3 Rxd3+ 52. Ke2 Rd6 53. Qa8+ Kb6 54. Qhb8+ Kc5 55. Qxc7+ Kb5 56. Qaxa5# 1-0